000 01155cam a22003497a 4500
003 CHAP
005 20220817044029.0
008 050613d2002 mx r 00110 spa d
010 _a90477
011 _a91449
020 _a9681105745
035 _a102008
040 _cCHAP
082 0 4 _a972
_bF3
100 0 0 _aFalcón, Romana.
_939391
245 1 0 _aMéxico descalzo :
_bestrategias de sobrevivencia frente a la modernidad liberal
_c/por Romana Falcón
260 _aMéxico, D. F. :
_bPlaza & Janés,
_c2002.
300 _a365 p.
490 0 _aTemas de debate
590 _aBATCH-UPD
_b10
_c20130110
_lUCH01
_h0432
590 _aBATCH-UPD
_b10
_c20130410
_lUCH01
_h0108
590 _aBATCH-UPD
_b10
_c20130914
_lUCH01
_h1340
590 _aCONVERSION
_b10
_c20130109
_lUCH01
_h1350
650 1 4 _aIndios de Chiapas
_xCondiciones sociales.
_957594
650 1 4 _aIndios de México
_xCondiciones sociales.
_957626
650 1 4 _aIndios de México
_xPolítica y gobierno.
830 0 0 _aTemas de debate
_9112141
901 _aBK
905 _aLilia
942 _cLIBRO
949 _a972 F3
_bBC
_cLIBRO
_d33724000957957
_eLIBRO
_gI.c/e
_h106086
_i102008
_si
_t$156.00
999 _c90477
_d90477